| 000 | 01084nam a22002297a 4500 | ||
|---|---|---|---|
| 999 |
_c58208 _d58208 |
||
| 003 | Ge_BSU | ||
| 005 | 20210916105808.0 | ||
| 008 | 210916s2009 ge ||||| |||| 00| 0 geo d | ||
| 020 | _a9788764900644 | ||
| 041 | _ageo | ||
| 080 | _a159.964+299.93 ჰ-13 | ||
| 100 |
_aჰაბარდი, ლ. რონ. _912481 |
||
| 245 |
_aდიანეტიკა: _bსაწყისი თეზისები / _c ლ. რონ ჰაბარდი. |
||
| 264 |
_aSmedeland : _bGlostrup : New Era Publications International ApS : A Hubbard Publication, _c2009. |
||
| 300 |
_a 281 გვ. : _bილ. ; _c23 სმ. |
||
| 440 |
_aნომერ პირველი საერთაშორისო ბესტსელერის - დიანეტიკის ავტორი _912480 |
||
| 500 | _a ინდექსები: გვ. 235-279. | ||
| 653 | _aდიანეტიკა | ||
| 653 | _aადამიანის ცნობიერება | ||
| 653 | _aქვეცნობიერი. საენტოლოგია | ||
| 942 |
_2udc _cBK |
||